Score 0/192 Timer 08:00
8 Plays Today
% Correct
DOPUN
100%
ZXzxZXzxZXzxZX
88.4%
ZXzxZXzxZXzxZX
88.4%
ZXzxZXzxZXzxZX
88.4%
ZXzxZXzxZXzxZX
88.4%
ZXzxZXzxZXzxZX
88.4%
ZXzxZXzxZXzxZX
88.4%
ZXzxZXzxZXzxZX
88.4%
ZXzxZXzxZXzxZX
88.4%
ORPUG
88.3%
ADHAE
88.3%
POUND
88.3%
EYHVA
88.3%
EAMLB
88.3%
POHEN
84.5%
BLAME
84.5%
EUENQ
83.7%
GROUP
83.7%
TDIYR
82.6%
QUEEN
82.6%
OCREF
82.6%
ZXzxZXzxZXzxZX
80.8%
ZXzxZXzxZXzxZX
80.8%
HEAVY
79.8%
OESTH
79.8%
ZXzxZXzxZXzxZX
79.1%
ZXzxZXzxZXzxZX
78.9%
ZXzxZXzxZXzxZX
78.9%
ZXzxZXzxZXzxZX
78.8%
ZXzxZXzxZXzxZX
78.8%
RBIGN
78.7%
PHONE
78.7%
KCEOH
78.7%
ZXzxZXzxZXzxZX
78.6%
ZXzxZXzxZXzxZX
78.6%
ZXzxZXzxZXzxZX
78.6%
ZXzxZXzxZXzxZX
78.6%
RPEOV
76.6%
AHEAD
76.6%
SUSGE
75.8%
BRING
75.8%
ZXzxZXzxZXzxZX
75%
ZXzxZXzxZXzxZX
74.4%
ZXzxZXzxZXzxZX
74.4%
ZXzxZXzxZXzxZX
74%
ZXzxZXzxZXzxZX
74%
PTRIN
73.7%
GUESS
73.7%
VERBA
73.5%
PROVE
73.5%
RREUL
73.5%
FORCE
73.2%
MCRHA
73%
DIRTY
73%
BCMIL
72.9%
PRINT
72.9%
ZXzxZXzxZXzxZX
72.3%
ZXzxZXzxZXzxZX
72.3%
CHARM
72%
ZXzxZXzxZXzxZX
71.9%
ZXzxZXzxZXzxZX
71.9%
ZXzxZXzxZXzxZX
71.9%
ZXzxZXzxZXzxZX
71.9%
CHOKE
71.8%
% Correct
EMULP
71.7%
BRAVE
71.7%
SSRAG
71.6%
ZXzxZXzxZXzxZX
71.5%
ZXzxZXzxZXzxZX
71.5%
ZXzxZXzxZXzxZX
71.4%
ZXzxZXzxZXzxZX
71.4%
HNTIG
71.4%
THOSE
71.4%
BWELO
71.4%
ZXzxZXzxZXzxZX
71.3%
ZXzxZXzxZXzxZX
71.3%
LGSAS
71.2%
CLIMB
71.2%
GRASS
71.2%
LIROB
71.2%
YOENJ
70.8%
GLASS
70.8%
BELOW
70.6%
ISONE
70.6%
FOFRE
70.6%
LGITH
70.5%
PLUME
70.5%
ZXzxZXzxZXzxZX
70%
ZXzxZXzxZXzxZX
70%
BROIL
68.6%
YNGOU
68.6%
THING
67.8%
YOUNG
67%
BOAUT
67%
IBATH
66.9%
INHKT
66.9%
ENJOY
66.9%
ZXzxZXzxZXzxZX
66.8%
ZXzxZXzxZXzxZX
66.8%
GJEUD
66.7%
LIGHT
66.7%
ZXzxZXzxZXzxZX
66.3%
ZXzxZXzxZXzxZX
66.3%
THINK
66.1%
HABEC
66.1%
ZXzxZXzxZXzxZX
66.1%
ZXzxZXzxZXzxZX
66.1%
ZXzxZXzxZXzxZX
65.6%
ZXzxZXzxZXzxZX
65.6%
ZXzxZXzxZXzxZX
65.1%
ZXzxZXzxZXzxZX
65.1%
ZXzxZXzxZXzxZX
65%
ZXzxZXzxZXzxZX
65%
RCAYR
65%
NOISE
65%
KBLAC
64.9%
ABOUT
64.9%
BLACK
64.6%
EACEP
64.6%
ZXzxZXzxZXzxZX
64.5%
ZXzxZXzxZXzxZX
64.5%
VIEAL
64.3%
JUDGE
64.3%
EPHES
64.3%
ZXzxZXzxZXzxZX
64.3%
ZXzxZXzxZXzxZX
64.3%
PEACE
64.2%
NOAMG
64.2%
% Correct
XISTE
63.7%
BEACH
63.7%
ZXzxZXzxZXzxZX
63.4%
ZXzxZXzxZXzxZX
63.4%
RULER
63.2%
ZXzxZXzxZXzxZX
62.9%
ZXzxZXzxZXzxZX
62.9%
CHCAT
62.8%
CARRY
62.8%
RPIAD
62.6%
EXIST
62.6%
SHEEP
62%
OFFER
61.8%
DOAIR
61%
CATCH
61%
IIVST
61%
ZXzxZXzxZXzxZX
60.7%
ZXzxZXzxZXzxZX
60.7%
ZXzxZXzxZXzxZX
60.6%
ZXzxZXzxZXzxZX
60.6%
AHPPY
60.5%
ALIVE
60.5%
ONLCE
60.4%
AMONG
60.4%
HNCLU
60.4%
HAPPY
59.9%
VISIT
59.7%
INLBD
59.7%
BLIND
59.2%
LMELS
59.2%
SMELL
58.9%
NIGRA
58.9%
GRAIN
58.3%
ICPER
58.3%
LUNCH
58.1%
WKAEA
58.1%
ZXzxZXzxZXzxZX
57.4%
ZXzxZXzxZXzxZX
57.4%
AWAKE
57.4%
MBEAY
57.4%
CLONE
57.2%
EWHER
57.2%
WHERE
56.9%
PIEZR
56.9%
PRICE
56.4%
PRIZE
55.4%
RTPYA
55.2%
MAYBE
55.2%
ZXzxZXzxZXzxZX
54.2%
ZXzxZXzxZXzxZX
54.2%
PARTY
54%
KAHTN
53.4%
RAPID
53.4%
HABIT
53%
NHOMT
53%
THANK
53%
TIRHE
51.7%
MONTH
51.7%
RWOEL
51.7%
See Message Below
48.4%
LOWER
48.2%
RADIO
48.2%
THEIR
43.3%
E$C@PE
35.5%
Remove Ads.
Support Sporcle.
Get the best of Sporcle when you Go Orange. This ad-free experience offers more features, more stats, and more fun while also helping to support Sporcle. Thank you for becoming a member.

You're not logged in!

Compare scores with friends on all Sporcle quizzes.
OR
Log In

Show Comments

Extras

Top Quizzes Today


Score Distribution

Your Account Isn't Verified!

In order to create a playlist on Sporcle, you need to verify the email address you used during registration. Go to your Sporcle Settings to finish the process.

Report this User

Report this user for behavior that violates our Community Guidelines.

Details: